000 00309nam a2200121Ia 4500
005 20251222141813.0
008 251222s9999||||xx |||||||||||||| ||spa||
082 _a657.1/G49/T.I
100 _aGiraldo Jara, Demetrio
245 0 _aAnĂ¡lisis del Plan Contable General Revisado:
264 _bFECAT
942 _cLIB
999 _c6532
_d6532